000 00537nam a2200157 a 4500
001 ASINB007YTDCV4
005 20140509072322.0
008 140507s2010 xxu eng d
020 _a0071067388 (paperback)
020 _a9780071067386 (paperback)
245 0 0 _aProgrammable logic controllers, third edition- by frank D. petruzella.
250 _aThird edition.
260 _a[S.l.] :
_bTATA McGraw Hill Edition,
_c2010.
300 _a468 p.
856 4 0 _3Amazon.com
_uhttp://www.amazon.com/exec/obidos/ASIN/B007YTDCV4/chopaconline-20
999 _c2112
_d2112